| 000 | 00625nam a2200193 i 4500 | ||
|---|---|---|---|
| 001 | 178961 | ||
| 003 | ES-MaACL | ||
| 005 | 20250701220535.0 | ||
| 008 | 110816s1898 fr |||| | fre d | ||
| 100 | 0 |
_aFournière, Eugène. _951997 |
|
| 245 | 1 | 0 |
_aL'idéalisme social / _cpar Eugène Fournière. |
| 260 |
_aParis : _bFélix Alcan, _c1898. |
||
| 300 |
_aIV, 310 p. ; _c22 cm. |
||
| 490 | 1 |
_aBibliothèque générale des sciences sociales ; _v2 |
|
| 650 | 0 | 4 |
_aIdealismo. _913524 |
| 830 | 0 | 0 |
_aBibliothèque générale des sciences sociales _v2 _9187778 |
| 852 |
_aES-MaACL _jC-23082 |
||
| 999 |
_c178961 _d178961 |
||